000 00446nam a2200181Ia 4500
001 18585
005 20260306171641.0
008 260306s9999||||xx |||||||||||||| ||und||
041 _aESP
082 _a658.4092
_bC276
100 _aCrosby, Philip B.
_eAUT
245 0 _aLiderazgo:
_bel arte de convertirse en ejecutivo
260 _c1996
300 _a196 páginas :
_c21 cm.
650 _aGEN
654 _aCAN
942 _cLIB
_dJUS
_fJUS
_2ddc
_n
999 _c18585
_d18585